000 00582nmm a2200241 a 4500
003 AR-BaBNM
005 20251128211405.0
008 174020s1999 ||||||||||||||000 | spa||
020 _a987-9243-33-1
040 _cAR-BaBNM
100 1 _aFranco, César
245 1 0 _aEl escritor perdido
260 _aBuenos Aires
_bEdiciones Simurg
_c1999
300 _a231 p.
650 4 _aLITERATURA ARGENTINA
650 4 _aLITERATURA CONTEMPORANEA
650 4 _aNOVELAS
653 _aNARRATIVA
655 _aLITERATURA
700 1 _aLuis, Carlos
942 _cBK
998 _cmartin
999 _c19481
_d19481